00719nam a22002057a 4500003000400000005001700004008004100021017004500062020001800107040002400125100002400149245012800173260002800301300002000329504002100349630003300370650004600403650003500449700002900484OSt20190722123559.0190722s2019 sp |||||| 000 ||spa|d aDL B. 9698-2019bBiblioteca de Catalunya a9788491871965 aES-BaUABbcatcCDMR1 aRiera Pujal, Jordi,13aEl Juevesb: crónica sentimental de España /cprologo de Santiago Segura : recopilación y textos de Jordi Riera Pujal aBarcelona :bRBA,c2019 a221 p. ;c25 cm aÍndex d'autors04aJueves (Revista)xHistòria04aHumorisme gràficxHistòriay1977-201904aDibuixantsy1977-2019zEspanya1 aSegura, Santiago,d1965-